<?xml version="1.0" encoding="UTF-8"?><record xmlns="http://www.loc.gov/MARC21/slim" xmlns:zs="http://docs.oasis-open.org/ns/search-ws/sruResponse">
  <leader>02264cam a2200433   4500</leader>
  <controlfield tag="001">9166554</controlfield>
  <controlfield tag="005">20250608040225.3</controlfield>
  <controlfield tag="008">821217s1872    dcu     a     000 0 eng  </controlfield>
  <datafield ind1=" " ind2=" " tag="035">
    <subfield code="a">9166554</subfield>
  </datafield>
  <datafield ind1=" " ind2=" " tag="906">
    <subfield code="a">7</subfield>
    <subfield code="b">cbc</subfield>
    <subfield code="c">premver</subfield>
    <subfield code="d">u</subfield>
    <subfield code="e">ncip</subfield>
    <subfield code="f">19</subfield>
    <subfield code="g">y-gencatlg</subfield>
  </datafield>
  <datafield ind1=" " ind2=" " tag="955">
    <subfield code="a">qr14 03-27-92</subfield>
  </datafield>
  <datafield ind1=" " ind2=" " tag="955">
    <subfield code="a">LCAP batch update 2025-06-02-04:00: LCAPM-986</subfield>
  </datafield>
  <datafield ind1=" " ind2=" " tag="010">
    <subfield code="a">   12008330 </subfield>
  </datafield>
  <datafield ind1=" " ind2=" " tag="035">
    <subfield code="9">(DLC)   12008330</subfield>
  </datafield>
  <datafield ind1=" " ind2=" " tag="040">
    <subfield code="a">DLC</subfield>
    <subfield code="c">CarP</subfield>
    <subfield code="d">DLC</subfield>
  </datafield>
  <datafield ind1="1" ind2="0" tag="050">
    <subfield code="a">E675</subfield>
    <subfield code="b">.R42</subfield>
  </datafield>
  <datafield ind1="0" ind2="0" tag="050">
    <subfield code="a">Microfilm 33549 E</subfield>
  </datafield>
  <datafield ind1=" " ind2=" " tag="051">
    <subfield code="a">E185</subfield>
    <subfield code="b">.A254 container R, no. 243</subfield>
    <subfield code="c">Another copy. Formerly part of YA Collection: YA 9062. Source unknown.</subfield>
  </datafield>
  <datafield ind1=" " ind2=" " tag="051">
    <subfield code="a">E185</subfield>
    <subfield code="b">.A254 container R, no. 243 Copy 2</subfield>
    <subfield code="c">Another copy. Formerly part of YA Collection: YA 16752.</subfield>
  </datafield>
  <datafield ind1="2" ind2=" " tag="110">
    <subfield code="a">Republican Congressional Committee,</subfield>
    <subfield code="d">1871-1873.</subfield>
  </datafield>
  <datafield ind1="1" ind2="0" tag="245">
    <subfield code="a">Grant or Greeley--which?</subfield>
    <subfield code="b">Facts and arguments for the consideration of the colored citizens of the United States: being extracts from letters, speeches, and editorials by colored men and their best friends. Sumner's mistake, Greeley's surrender, and Grant's faithfulness.</subfield>
    <subfield code="c">Opinions in brief of Wm. Lloyd Garrison, Wendell Phillips, Prof. J. Mercer Langston, R. H. Dana, Jr., Judge Hoar, Fred. Douglass, Speaker Blaine, Wm. D. Forten, Prof. Wm. Howard Day.</subfield>
  </datafield>
  <datafield ind1=" " ind2=" " tag="260">
    <subfield code="a">[Washington]</subfield>
    <subfield code="b">Published by the National Congressional Committee</subfield>
    <subfield code="c">[1872]</subfield>
  </datafield>
  <datafield ind1=" " ind2=" " tag="300">
    <subfield code="a">8 p.</subfield>
    <subfield code="c">24 cm.</subfield>
  </datafield>
  <datafield ind1=" " ind2=" " tag="336">
    <subfield code="a">text</subfield>
    <subfield code="b">txt</subfield>
    <subfield code="2">rdacontent</subfield>
  </datafield>
  <datafield ind1=" " ind2=" " tag="337">
    <subfield code="a">microform</subfield>
    <subfield code="b">h</subfield>
    <subfield code="2">rdamedia</subfield>
  </datafield>
  <datafield ind1=" " ind2=" " tag="338">
    <subfield code="a">microfilm reel</subfield>
    <subfield code="b">hd</subfield>
    <subfield code="2">rdacarrier</subfield>
  </datafield>
  <datafield ind1=" " ind2=" " tag="500">
    <subfield code="a">Caption title.</subfield>
  </datafield>
  <datafield ind1=" " ind2=" " tag="530">
    <subfield code="a">Also available in digital form on the Library of Congress Web site, and in microfilm.</subfield>
  </datafield>
  <datafield ind1=" " ind2=" " tag="583">
    <subfield code="a">Replace;</subfield>
    <subfield code="z">LC copy replaced by preservation microfilm</subfield>
    <subfield code="5">DLC</subfield>
  </datafield>
  <datafield ind1=" " ind2="0" tag="650">
    <subfield code="a">Campaign literature, 1872</subfield>
    <subfield code="x">Republican.</subfield>
  </datafield>
  <datafield ind1="2" ind2=" " tag="710">
    <subfield code="a">African American Pamphlet Collection (Library of Congress)</subfield>
    <subfield code="5">DLC</subfield>
  </datafield>
  <datafield ind1="4" ind2="1" tag="856">
    <subfield code="3">African American Pamphlet Collection copy</subfield>
    <subfield code="d">rbaapc</subfield>
    <subfield code="f">24300</subfield>
    <subfield code="u">https://hdl.loc.gov/loc.rbc/rbaapc.24300</subfield>
  </datafield>
  <datafield ind1=" " ind2=" " tag="985">
    <subfield code="a">rarebk/afam</subfield>
    <subfield code="e">ammem</subfield>
  </datafield>
  <datafield ind1=" " ind2=" " tag="985">
    <subfield code="a">pmosl</subfield>
  </datafield>
  <datafield ind1=" " ind2=" " tag="985">
    <subfield code="e">mvp</subfield>
    <subfield code="f">zz01</subfield>
  </datafield>
  <datafield ind1=" " ind2=" " tag="985">
    <subfield code="a">rarebk/scd</subfield>
  </datafield>
  <datafield ind1=" " ind2=" " tag="991">
    <subfield code="b">c-MicRR</subfield>
    <subfield code="h">Microfilm 33549 E</subfield>
    <subfield code="t">Copy 1</subfield>
    <subfield code="w">PREM</subfield>
  </datafield>
  <datafield ind1=" " ind2=" " tag="991">
    <subfield code="b">c-RareBook</subfield>
    <subfield code="h">E185</subfield>
    <subfield code="i">.A254 container R, no. 243</subfield>
    <subfield code="t">Copy 1</subfield>
    <subfield code="m">Afr Am Pam</subfield>
    <subfield code="w">PREM</subfield>
  </datafield>
  <datafield ind1=" " ind2=" " tag="991">
    <subfield code="b">c-RareBook</subfield>
    <subfield code="h">E185</subfield>
    <subfield code="i">.A254 container R, no. 243</subfield>
    <subfield code="t">Copy 2</subfield>
    <subfield code="m">Afr Am Pam</subfield>
    <subfield code="w">PREM</subfield>
  </datafield>
</record>
